书目信息 |
| 题名: |
体育竞赛规则大全
|
|
| 作者: | 人民体育出版社 编 | |
| 分册: | ||
| 出版信息: | 北京 人民体育出版社 1988.02 |
|
| 页数: | 1726页 | |
| 开本: | 26cm | |
| 丛书名: | ||
| 单 册: | ||
| 中图分类: | G811.31-62 | |
| 科图分类: | ||
| 主题词: | 体育事业--世界 | |
| 电子资源: | ||
| ISBN: | 7-5009-0056-2 | |
| 000 | 00564nam0 2200193 45 | |
| 001 | 0409220838 | |
| 005 | 20040922173443.2 | |
| 010 | @a7-5009-0056-2@b精装@dCNY28.00 | |
| 100 | @a20040922d1988 km y0chiy0120 ea | |
| 101 | 0 | @achi |
| 105 | @a z 000yy | |
| 200 | 1 | @a体育竞赛规则大全@ATi Yu Jing Sai Gui Ze Da Quan@f本社编@FBen She Bian |
| 210 | @a北京@c人民体育出版社@d1988.02 | |
| 215 | @a1726页@d26cm | |
| 606 | 0 | @a体育事业@x世界 |
| 690 | @aG811.31-62@v3 | |
| 701 | 0 | @a人民体育出版社@4编 |
| 801 | @aCN@bPftUser@c20040922 | |
| 905 | @dG811.31-62@e10@f1@b232605 | |
| 体育竞赛规则大全/本社编.-北京:人民体育出版社,1988.02 |
| 1726页;26cm |
| ISBN 7-5009-0056-2(精装):CNY28.00 |
| ● |
| 相关链接 |
|
|
|
|
正题名:体育竞赛规则大全
索取号:G811.31-62/10
 
预约/预借
| 序号 | 登录号 | 条形码 | 馆藏地/架位号 | 状态 | 备注 |
| 1 | 0211168 | 001961559 | 密集书库/ [索取号:G811.31-62/10] | 在馆 | |
| 2 | 0211169 | 001570801 | 第一样本阅览室/ [索取号:G811.31-62/10] | 在馆 | |
| 3 | 0232605 | 001570730 | 密集书库/ [索取号:G811.31-62/10] | 在馆 |